| 000 | 00674cam a22002291 4500 | ||
|---|---|---|---|
| 001 | ne 66000107 | ||
| 003 | DLC | ||
| 005 | 20260227111820.0 | ||
| 008 | 840112s1965 ua b 000 0 arar | ||
| 010 | _ane 66000107 | ||
| 035 | _a(OCoLC)10294100 | ||
| 040 |
_aDLC _cTxU _dTxU _dDLC |
||
| 042 | _apremarc | ||
| 050 | 0 | 0 |
_aHB97.5 _b.N3 |
| 100 | 1 | _aNāmiq, Ṣalāḥ al-Dīn. | |
| 245 | 1 | 0 |
_aUsus ʻilm al-iqtiṣād al-ishtirākī, _ctaʼlīf Ṣalāḥ al-Dīn Nāmiq. |
| 260 |
_aMiṣr, _bDār al-Maʻārif _c[1965] |
||
| 300 |
_a7, 252 p. _c24 cm. |
||
| 490 | 0 | _aal-Maktabah al-iqtiṣādīyah | |
| 504 | _aBibliographical footnotes. | ||
| 650 | 0 | _aMarxian economics. | |
| 999 |
_c48638 _d48638 |
||